Biology of perceptual systems /

Bibliographic Details
Main Author: Carterette, Edward C.
Other Authors: Friedman, Morton P.
Format: Book
Language:English
Published: New York : Academic Press, 1973.
Series:Carterette, Edward C. Handbook of perception ; v. 3.
Subjects:

MARC

Tag First Indicator Second Indicator Subfields
LEADER 00000cam a2200000 4500
001 in00000307407
005 20151010151150.0
008 730531s1973 nyua b 00110 eng
010 |a  72009323  
020 |a 0121619036  |c $28.00 
035 |a (OCoLC)00649877 
035 |9 ABH9289AM 
040 |a DLC  |c DLC  |d TXA  |d UtOrBLW 
049 |a TXAM  |c 1 [1340834], 2 [1418951] 
050 0 0 |a QP441  |b .C37 
060 0 |a WL700 C325h 
082 0 |a 612/.8 
100 1 |a Carterette, Edward C. 
245 1 0 |a Biology of perceptual systems /  |c Edited by Edward C. Carterette and Morton P. Friedman. 
264 1 |a New York :  |b Academic Press,  |c 1973. 
300 |a xix, 521 pages :  |b illustrations ;  |c 24 cm. 
336 |a text  |b txt  |2 rdacontent 
337 |a unmediated  |b n  |2 rdamedia 
338 |a volume  |b nc  |2 rdacarrier 
490 1 |a Their Handbook of perception, v. 3 
504 |a Includes bibliographies. 
650 0 |a Perception. 
650 0 |a Senses and sensation. 
650 2 |a Perception. 
650 2 |a Sensation. 
700 1 |a Friedman, Morton P. 
800 1 |a Carterette, Edward C.  |t Handbook of perception ;  |v v. 3. 
999 |a MARS 
999 f f |s a7a63716-8d4d-324c-bb55-3cc4701a8062  |i 70a318c9-caf8-3820-be84-517048d9bea6  |t 0 
952 f f |p ric  |a Texas A&M University  |b Rellis Campus  |c Joint Library Facility  |d Remote Storage  |t 0  |e QP441 .C37  |h Library of Congress classification  |i unmediated -- volume  |m A14805016061 
998 f f |a QP441 .C37  |t 0  |l Remote Storage